• 首页
  • 本馆介绍
  • 公告通知
  • 最新文献
  • 馆藏检索
  • 电子资源
  • 读者导购
  • 参考咨询
  • 我的图书馆
  • 登录
  • 详细信息显示
  • 放入我的书架
  • 预约/预借图书
  • 作者相关作品
  • 分类相关作品
  • 丛书相关作品
  • 出版社相关作品

书目信息

  • 表格格式
  • 工作单格式
  • 卡片格式
题名:
蝎生物学与毒素
    
 
作者: 李文鑫 著
分册:  
出版信息: 北京   科学出版社  2016.11
页数: 10,555页
开本: 26cm
丛书名:
单 册:
中图分类: Q959.226 , R996.3
科图分类:
主题词: 全蝎--研究 , 蝎毒--研究
电子资源:
ISBN: 978-7-03-050735-8
000 01094nam0 2200277 450
001 0400005400
005 20171028171609.0
010    @a978-7-03-050735-8@b精装@dCNY328.00
100    @a20170215d2016 em y0chiy50 ea
101 0  @achi
102    @aCN@b110000
105    @aa z 000yy
106    @ar
200 1  @a蝎生物学与毒素@Axie sheng wu xue yu du su@dScorpion biology and toxins@f李文鑫等著@zeng
210    @a北京@c科学出版社@d2016.11
215    @a10,555页@c图@d26cm
300    @a国家科学技术学术著作出版基金资助出版
330    @a本书是在总结作者20余年蝎及其毒素研究工作的基础上撰写的。全书共十二章,包括蝎的形态与结构、蝎的生殖与发育、蝎的习性与行为、蝎的遗传与进化、蝎目物种及其多样性、中国蝎目物种分类、中国蝎目区系、蝎毒素的组成与分类、蝎毒素的分子进化、蝎毒素的结构与功能、马氏正钳蝎毒素组学、蝎毒素的生物学应用。
510 1  @aScorpion biology and toxins@zeng
606 0  @a全蝎@x研究
606 0  @a蝎毒@x研究
690    @aQ959.226@v5
690    @aR996.3@v5
701  0 @a李文鑫@Ali wen xin@4著
801  0 @aCN@b上海新华@c20171028
905    @b1028365-7@dQ959.226@e207@f3
    
    蝎生物学与毒素=Scorpion biology and toxins/李文鑫等著.-北京:科学出版社,2016.11
    10,555页:图;26cm
    国家科学技术学术著作出版基金资助出版
    
    ISBN 978-7-03-050735-8(精装):CNY328.00
    本书是在总结作者20余年蝎及其毒素研究工作的基础上撰写的。全书共十二章,包括蝎的形态与结构、蝎的生殖与发育、蝎的习性与行为、蝎的遗传与进化、蝎目物种及其多样性、中国蝎目物种分类、中国蝎目区系、蝎毒素的组成与分类、蝎毒素的分子进化、蝎毒素的结构与功能、马氏正钳蝎毒素组学、蝎毒素的生物学应用。
●
相关链接 在E读中查询图书 在五车中查询图书 在当当中查询图书 在豆瓣中查询图书


正题名:蝎生物学与毒素     索取号:Q959.226/207         预约/预借

序号 登录号 条形码 馆藏地/架位号 状态 备注
1 1028365   210283655   第二样本阅览室/ [索取号:Q959.226/207] 在馆    
2 1028366   210283664   第三借阅区/ [索取号:Q959.226/207] 在馆    
3 1028367   210283673   密集书库-生命科学系/ [索取号:Q959.226/207] 在馆    
唐山师范学院图书馆 欢迎您!
大连网信软件有限公司© 版权所有